00686pam a2200241 i 4500001000800000005001700008008004100025010001700066020001500083040001800098041000800116042000900124080000800133082000800141100000600149101000800155245007700163740001800240906004500258942001200303999001700315952011200332267908820180829040820.0741121s1975 nyua j 000 0 eng  a 74024717  a0394831071 aDLCcDLCdDLC aeng alcac a70900a7091 a7 aart14aThe Pantheon story of art for young people /cAriane Ruskin Batterberry. aStory of art. a7bcbccorignewdueocipf19gy-gencatlg 2ddccBK c47377d47377 00102lcc40708PËKGa002b002cPËKGd2018-08-29l0o709 rusp002-3011972r2018-08-29w2018-08-29yBK